[Event "Portuguese Honra"]
[Site "Lisbon"]
[Date "2022.12.19"]
[Round "5"]
[White "Santos, Julio Fernandes"]
[Black "Santos, Isabel Pereira Dos"]
[Result "1/2-1/2"]
[WhiteElo "1817"]
[BlackElo "1735"]
[PlyCount "118"]
[EventDate "2022.12.16"]
[EventType "tourn"]
[EventRounds "9"]
[EventCountry "POR"]
[SourceTitle "CBM 211 Extra"]
[Source "ChessBase"]
[SourceDate "2023.01.31"]
[SourceVersion "1"]
[SourceVersionDate "2023.01.31"]
[SourceQuality "1"]

1. e4 c6 2. d4 d5 3. Nd2 dxe4 4. Nxe4 Nd7 5. Bc4 Ngf6 6. Ng3 e6 7. N1e2 Qa5+ 8. c3 Be7 9. 0-0 0-0 10. Re1 b5 11. Bd3 c5 12. dxc5 Bxc5 13. Ne4 b4 14. Nxc5 Nxc5 15. cxb4 Qxb4 16. a3 Qh4 17. Bf4 Bb7 18. Bg3 Qg5 19. Qc1 Qxc1 20. Nxc1 Rfd8 21. Bf1 a5 22. Bc7 Rd2 23. Bxa5 Rxb2 24. Bc3 Rc2 25. Bb4 Nd5 26. Nd3 Nxd3 27. Bxd3 Nxb4 28. axb4 Rxa1 29. Rxa1 Rc3 30. Be2 Kf8 31. f3 Ke8 32. Ra7 Rc7 33. b5 Kd8 34. Kf2 Kc8 35. Ke3 Kb8 36. Ra4 e5 37. h4 f6 38. g4 Rc3+ 39. Kf2 Kc7 40. Rc4+ Rxc4 41. Bxc4 Kd6 42. Ke3 Kc5 43. Bd3 h6 44. Be4 Bc8 45. Bc6 h5 46. g5 fxg5 47. hxg5 Bf5 48. f4 exf4+ 49. Kxf4 g6 50. Ke5 h4 51. Kf4 h3 52. Kg3 Bc8 53. Be4 Kxb5 54. Bxg6 Be6 55. Be4 Kc5 56. Kf4 Kd6 57. g6 Ke7 58. Kg5 h2 59. Kh6 Bf5 1/2-1/2

[Event "POR-ch (Women)"]
[Site "Odivelas"]
[Date "2020.09.13"]
[Round "5"]
[White "Santos, Isabel Pereira Dos"]
[Black "Avelino, Camila Biscaya"]
[Result "0-1"]
[WhiteElo "1772"]
[BlackElo "1732"]
[PlyCount "58"]
[EventDate "2020.09.10"]
[EventType "swiss"]
[EventRounds "5"]
[EventCountry "POR"]
[SourceTitle "CBM 198 Extra"]
[Source "ChessBase"]
[SourceDate "2020.11.30"]
[SourceVersion "1"]
[SourceVersionDate "2020.11.30"]
[SourceQuality "1"]

1. d4 Nf6 2. c4 g6 3. Nc3 Bg7 4. e4 d6 5. Nf3 0-0 6. Be2 Nbd7 7. 0-0 e5 8. Re1 exd4 9. Nxd4 Re8 10. Bf1 Nc5 11. f3 a5 12. Rb1 c6 13. Be3 Nfd7 14. a3 a4 15. Qc2 Qc7 16. f4 Nf6 17. e5 dxe5 18. fxe5 Ng4 19. Nf3 Bf5 20. Qd1 Nxe3 21. Rxe3 Bxb1 22. Qxb1 Nd7 23. e6 Rxe6 24. Rxe6 fxe6 25. Bd3 Qb6+ 26. Kh1 Bxc3 27. Bxg6 Qxb2 28. Qe4 Qa1+ 29. Ng1 Bd4 0-1

[Event "Ferreira do Alentejo 2nd"]
[Site "Ferreira do Alentejo"]
[Date "2019.12.20"]
[Round "6"]
[White "Santos, Isabel Pereira Dos"]
[Black "Sousa, Diogo Miguel Braz"]
[Result "1-0"]
[WhiteElo "1807"]
[BlackElo "1375"]
[PlyCount "99"]
[EventDate "2019.12.17"]
[EventType "swiss"]
[EventRounds "9"]
[EventCountry "POR"]
[SourceTitle "CBM 193 Extra"]
[Source "ChessBase"]
[SourceDate "2020.01.31"]
[SourceVersion "1"]
[SourceVersionDate "2020.01.31"]
[SourceQuality "1"]

1. d4 d5 2. c4 c6 3. Nf3 Nf6 4. e3 Bg4 5. Nc3 e6 6. cxd5 Nxd5 7. e4 Nxc3 8. bxc3 Be7 9. Be2 Nd7 10. 0-0 0-0 11. Be3 Qc7 12. Rc1 Nb6 13. c4 Rac8 14. Nd2 Bxe2 15. Qxe2 Rfd8 16. Rfd1 Bf6 17. e5 Be7 18. Ne4 Nd7 19. f4 f5 20. Nc3 Nb6 21. d5 cxd5 22. cxd5 Bc5 23. d6 Bxe3+ 24. Qxe3 Qc5 25. Qxc5 Rxc5 26. Ne2 Rcc8 27. Nd4 Kf8 28. Nxe6+ Kf7 29. Nxd8+ Rxd8 30. Rc7+ Rd7 31. Rdc1 Ke6 32. Rxd7 Nxd7 33. Rc7 b5 34. Rxa7 b4 35. Rxd7 Kxd7 36. Kf2 Kc6 37. Ke3 Kd7 38. Kd4 h6 39. Kc4 g5 40. g3 Ke6 41. Kxb4 h5 42. fxg5 h4 43. g6 hxg3 44. hxg3 f4 45. gxf4 Kd7 46. g7 Kc6 47. g8Q Kd7 48. Qf7+ Kc6 49. Qc7+ Kd5 50. Qc4# 1-0

[Event "Ferreira do Alentejo 2nd"]
[Site "Ferreira do Alentejo"]
[Date "2019.12.18"]
[Round "2"]
[White "Santos, Isabel Pereira Dos"]
[Black "Schmitz, Andreas Arnold"]
[Result "1/2-1/2"]
[WhiteElo "1807"]
[BlackElo "2013"]
[PlyCount "75"]
[EventDate "2019.12.17"]
[EventType "swiss"]
[EventRounds "9"]
[EventCountry "POR"]
[SourceTitle "CBM 193 Extra"]
[Source "ChessBase"]
[SourceDate "2020.01.31"]
[SourceVersion "1"]
[SourceVersionDate "2020.01.31"]
[SourceQuality "1"]

1. d4 d5 2. c4 dxc4 3. Nf3 Nf6 4. e3 Bg4 5. Bxc4 e6 6. 0-0 a6 7. Nc3 c5 8. Be2 Nc6 9. h3 cxd4 10. Nxd4 Bxe2 11. Ncxe2 Nxd4 12. Nxd4 Bc5 13. Qb3 Bxd4 14. Rd1 0-0 15. Rxd4 Qe7 16. Bd2 Rfd8 17. Bb4 Qc7 18. Rc4 Qd7 19. Ba5 Rdc8 20. Rd4 Qc6 21. Rad1 Ne4 22. Qd3 f5 23. f3 Nc5 24. Qc4 b5 25. Qc1 Nb7 26. Rd8+ Rxd8 27. Qxc6 Rxd1+ 28. Kh2 Rb8 29. Qxe6+ Kh8 30. Qxa6 Nxa5 31. Qxa5 Rd3 32. Qa7 Re8 33. e4 fxe4 34. fxe4 h6 35. Qc5 Rdd8 36. Qxb5 Rxe4 37. a4 Rd2 38. Qf5 1/2-1/2

[Event "Ferreira do Alentejo 2nd"]
[Site "Ferreira do Alentejo"]
[Date "2019.12.17"]
[Round "1"]
[White "Fernandes, Antonio ETG"]
[Black "Santos, Isabel Pereira Dos"]
[Result "1-0"]
[WhiteElo "2361"]
[BlackElo "1807"]
[PlyCount "45"]
[EventDate "2019.12.17"]
[EventType "swiss"]
[EventRounds "9"]
[EventCountry "POR"]
[SourceTitle "CBM 193 Extra"]
[Source "ChessBase"]
[SourceDate "2020.01.31"]
[SourceVersion "1"]
[SourceVersionDate "2020.01.31"]
[SourceQuality "1"]

1. e4 c6 2. d3 d5 3. Nd2 g6 4. Ngf3 Bg7 5. c3 Bg4 6. Qb3 b6 7. Be2 e6 8. 0-0 Ne7 9. Re1 0-0 10. h3 Bxf3 11. Nxf3 Nd7 12. Bf4 e5 13. Bh2 Nc5 14. Qc2 f6 15. exd5 cxd5 16. d4 Nd7 17. dxe5 fxe5 18. Rad1 a6 19. Ng5 Qb8 20. Ne6 Rf7 21. Nxg7 Kxg7 22. Bg4 Nc6 23. Rxd5 1-0

[Event "Lisbon Portugal op"]
[Site "Lisbon"]
[Date "2019.02.02"]
[Round "1"]
[White "Ilic, Zoran S"]
[Black "Santos, Isabel Pereira Dos"]
[Result "1-0"]
[WhiteElo "2302"]
[BlackElo "1825"]
[PlyCount "35"]
[EventDate "2019.02.02"]
[EventType "swiss"]
[EventRounds "9"]
[EventCountry "POR"]
[SourceTitle "CBM 188 Extra"]
[Source "ChessBase"]
[SourceDate "2019.02.26"]
[SourceVersion "1"]
[SourceVersionDate "2019.02.26"]
[SourceQuality "1"]

1. d4 d5 2. Nf3 Nf6 3. c4 dxc4 4. Qa4+ c6 5. Qxc4 e6 6. g3 Nbd7 7. Bg2 c5 8. 0-0 cxd4 9. Nxd4 Bc5 10. Nc3 0-0 11. Rd1 Qe7 12. Nb3 h6 13. Nxc5 Nxc5 14. Be3 Nfd7 15. Rac1 a6 16. b4 b5 17. Bxc5 Nxc5 18. Qxc5 1-0

[Event "Cascais Honor"]
[Site "Cascais"]
[Date "2018.08.13"]
[Round "3"]
[White "Santos, Isabel Pereira Dos"]
[Black "Goncalves, Carlos Manuel Marq"]
[Result "1-0"]
[WhiteElo "1789"]
[BlackElo "1645"]
[PlyCount "69"]
[EventDate "2018.08.11"]
[EventType "tourn"]
[EventRounds "9"]
[EventCountry "POR"]
[SourceTitle "CBM 186 Extra"]
[Source "ChessBase"]
[SourceDate "2018.08.24"]
[SourceVersion "1"]
[SourceVersionDate "2018.08.24"]
[SourceQuality "1"]

1. d4 Nf6 2. Nf3 g6 3. c4 Bg7 4. Nc3 0-0 5. e4 d6 6. Be2 Nbd7 7. 0-0 c6 8. Be3 a5 9. a3 Re8 10. b4 e5 11. d5 Ng4 12. Bg5 f6 13. Bh4 g5 14. Bg3 axb4 15. axb4 Rxa1 16. Qxa1 f5 17. Nd2 f4 18. Bxg4 fxg3 19. fxg3 Qb6+ 20. Kh1 Qxb4 21. Rb1 Qc5 22. Bxd7 Bxd7 23. Rxb7 Bg4 24. h3 Bh5 25. Qa7 Qxa7 26. Rxa7 cxd5 27. exd5 Rf8 28. Nce4 g4 29. Nxd6 gxh3 30. gxh3 Rf2 31. Ra8+ Bf8 32. N6e4 Bf3+ 33. Nxf3 Rxf3 34. d6 Rd3 35. d7 1-0

[Event "Lisbon Portugal op"]
[Site "Lisbon"]
[Date "2018.02.03"]
[Round "1"]
[White "Ferrante, Marco"]
[Black "Santos, Isabel Pereira Dos"]
[Result "1-0"]
[WhiteElo "2267"]
[BlackElo "1739"]
[PlyCount "49"]
[EventDate "2018.02.03"]
[EventType "swiss"]
[EventRounds "9"]
[EventCountry "POR"]
[SourceTitle "EXT 2019"]
[Source "ChessBase"]
[SourceDate "2018.10.10"]
[SourceVersion "1"]
[SourceVersionDate "2018.10.10"]
[SourceQuality "1"]

1. e4 c6 2. d4 d5 3. Nc3 dxe4 4. Nxe4 Nd7 5. Ng5 Ngf6 6. Bd3 e6 7. N1f3 h6 8. Nxe6 Bb4+ 9. c3 Bxc3+ 10. bxc3 fxe6 11. Bg6+ Kf8 12. Qe2 Qe7 13. a4 Nd5 14. 0-0 Qf6 15. Qd3 Kg8 16. c4 Ne7 17. Be4 Nf8 18. Ne5 g5 19. f4 Nf5 20. g4 gxf4 21. gxf5 exf5 22. Bg2 h5 23. Bxf4 h4 24. Kh1 Be6 25. Rg1 1-0

[Event "Barreiro op 3rd"]
[Site "Barreiro"]
[Date "2017.10.06"]
[Round "3"]
[White "Apolonia, Pedro Filipe Cristo"]
[Black "Santos, Isabel Pereira Dos"]
[Result "1/2-1/2"]
[WhiteElo "1613"]
[BlackElo "1619"]
[PlyCount "102"]
[EventDate "2017.10.05"]
[EventType "swiss"]
[EventRounds "7"]
[EventCountry "POR"]
[SourceTitle "CBM 181 Extra"]
[Source "ChessBase"]
[SourceDate "2017.12.12"]
[SourceVersion "1"]
[SourceVersionDate "2017.12.12"]
[SourceQuality "1"]

1. d4 d5 2. Bf4 Nf6 3. e3 e6 4. Nf3 c5 5. c3 Nc6 6. Nbd2 b6 7. Bb5 Bd7 8. Bd3 Be7 9. Ne5 0-0 10. h4 c4 11. Bc2 Nxe5 12. dxe5 Ne8 13. Bxh7+ Kxh7 14. Qh5+ Kg8 15. Nf3 f6 16. Ng5 fxg5 17. hxg5 Rf5 18. Qh7+ Kf8 19. g6 Bf6 20. Qh8+ Ke7 21. exf6+ Kxf6 22. g4 Rxf4 23. exf4 Ke7 24. Rh7 Kd6 25. 0-0-0 Qf6 26. Rd4 Rc8 27. Qg8 Qxg6 28. f5 Qg5+ 29. Kc2 Nf6 30. Qxg7 Nxh7 31. Qxh7 exf5 32. Rxd5+ Kxd5 33. Qxd7+ Ke5 34. Qxc8 Qxg4 35. Qe8+ Kd5 36. Qd7+ Ke4 37. Qc6+ Ke5 38. Qc7+ Kf6 39. Kd2 Qe4 40. Qd8+ Qe7 41. Qxe7+ Kxe7 42. b3 cxb3 43. axb3 Ke6 44. f4 Kd5 45. Kd3 a6 46. Ke3 b5 47. b4 Kc4 48. Kd2 Kb3 49. Kd3 Ka4 50. Kd4 Kb3 51. Kd3 Ka4 1/2-1/2

[Event "Lisbon Portugal rapid op"]
[Site "Lisbon"]
[Date "2017.02.11"]
[Round "1"]
[White "Damaso, Rui"]
[Black "Santos, Isabel Pereira Dos"]
[Result "1-0"]
[WhiteElo "2434"]
[BlackElo "1619"]
[PlyCount "57"]
[EventDate "2017.02.11"]
[EventType "swiss (rapid)"]
[EventRounds "8"]
[EventCountry "POR"]
[SourceTitle "CBM 176 Extra"]
[Source "ChessBase"]
[SourceDate "2017.03.02"]
[SourceVersion "1"]
[SourceVersionDate "2017.03.02"]
[SourceQuality "1"]

1. c4 e6 2. Nf3 Nf6 3. g3 d5 4. b3 c6 5. Bg2 Be7 6. 0-0 0-0 7. Bb2 Nbd7 8. d3 Re8 9. Qc2 b6 10. e4 dxe4 11. dxe4 Nc5 12. e5 Nfd7 13. b4 Na6 14. a3 Bb7 15. Nc3 Nc7 16. Ne4 b5 17. Nd6 Bxd6 18. exd6 Na6 19. c5 Nab8 20. Qc3 Nf6 21. Ne5 Qc8 22. g4 h6 23. h4 Nbd7 24. g5 hxg5 25. hxg5 Nd5 26. Bxd5 Nxe5 27. Qxe5 f6 28. gxf6 exd5 29. f7+ 1-0

[Event "Lisbon Portugal rapid op"]
[Site "Lisbon"]
[Date "2017.02.11"]
[Round "3"]
[White "Martins, Bruno Andre Leite"]
[Black "Santos, Isabel Pereira Dos"]
[Result "1-0"]
[WhiteElo "1944"]
[BlackElo "1619"]
[PlyCount "79"]
[EventDate "2017.02.11"]
[EventType "swiss (rapid)"]
[EventRounds "8"]
[EventCountry "POR"]
[SourceTitle "CBM 176 Extra"]
[Source "ChessBase"]
[SourceDate "2017.03.02"]
[SourceVersion "1"]
[SourceVersionDate "2017.03.02"]
[SourceQuality "1"]

1. e4 c6 2. Nf3 d5 3. Nc3 Bg4 4. h3 Bh5 5. exd5 cxd5 6. Bb5+ Nc6 7. g4 Bg6 8. Ne5 Rc8 9. d4 e6 10. h4 f6 11. Nxg6 hxg6 12. Qd3 Kf7 13. a3 Bd6 14. Ne2 a6 15. Bxc6 Rxc6 16. c3 Qc7 17. Qf3 Ne7 18. Bf4 Bxf4 19. Nxf4 g5 20. Nd3 gxh4 21. Ne5+ Ke8 22. Nxc6 Nxc6 23. Qe3 Qf7 24. 0-0-0 Na5 25. Rde1 Kd7 26. g5 Nc4 27. Qf4 h3 28. gxf6 gxf6 29. Reg1 Nd6 30. Rg3 Nf5 31. Rgxh3 Rxh3 32. Rxh3 Qg6 33. Qh2 Qg5+ 34. f4 Qg4 35. Rd3 Qg7 36. Rd2 Ne3 37. Re2 Nc4 38. Rg2 Qf7 39. Qh6 Ne3 40. Rg7 1-0

[Event "Lisbon Portugal op"]
[Site "Lisbon"]
[Date "2017.02.04"]
[Round "1"]
[White "Santos, Isabel Pereira Dos"]
[Black "Gavrish, Leonid"]
[Result "0-1"]
[WhiteElo "1619"]
[BlackElo "2212"]
[PlyCount "46"]
[EventDate "2017.02.04"]
[EventType "swiss"]
[EventRounds "9"]
[EventCountry "POR"]
[SourceTitle "CBM 176 Extra"]
[Source "ChessBase"]
[SourceDate "2017.03.02"]
[SourceVersion "1"]
[SourceVersionDate "2017.03.02"]
[SourceQuality "1"]

1. d4 Nf6 2. c4 c5 3. d5 b5 4. cxb5 a6 5. bxa6 g6 6. Nc3 Bg7 7. Nf3 0-0 8. g3 Bxa6 9. e4 Qa5 10. Bd3 Nxd5 11. exd5 Bxc3+ 12. Kf1 Bg7 13. Kg2 c4 14. Be2 d6 15. Nd2 c3 16. Nb3 Bxe2 17. Qxe2 Qxd5+ 18. f3 Nd7 19. bxc3 Bxc3 20. Bh6 Bxa1 21. Bxf8 Kxf8 22. Rxa1 Ne5 23. Rc1 Nxf3 0-1

[Event "Portuguese Honra"]
[Site "Lisbon"]
[Date "2017.01.19"]
[Round "6"]
[White "Oliveira, Marco Alexandre Aze"]
[Black "Santos, Isabel Pereira Dos"]
[Result "1-0"]
[WhiteElo "2049"]
[BlackElo "1613"]
[PlyCount "61"]
[EventDate "2017.01.15"]
[EventType "tourn"]
[EventRounds "9"]
[EventCountry "POR"]
[SourceTitle "CBM 176 Extra"]
[Source "ChessBase"]
[SourceDate "2017.03.02"]
[SourceVersion "1"]
[SourceVersionDate "2017.03.02"]
[SourceQuality "1"]

1. Nf3 d5 2. d4 Nf6 3. c4 dxc4 4. Nc3 e6 5. Bg5 Be7 6. e3 a6 7. a4 Nbd7 8. Bxc4 c5 9. 0-0 h6 10. Bh4 0-0 11. Qc2 g5 12. Bg3 b6 13. d5 exd5 14. Nxd5 Bb7 15. Bc7 Qe8 16. Nxe7+ Qxe7 17. Qg6+ Kh8 18. Qxh6+ Nh7 19. Bd6 Qe4 20. Bxf8 Rxf8 21. Ba2 Ne5 22. Bb1 Nxf3+ 23. gxf3 Qh4 24. Qxh4 gxh4 25. Be4 Bxe4 26. fxe4 Ng5 27. f3 Rg8 28. Kh1 Nh3 29. Rad1 Ng5 30. Rd5 h3 31. Rg1 1-0

[Event "Portuguese Honra"]
[Site "Lisbon"]
[Date "2017.01.18"]
[Round "5"]
[White "Santos, Isabel Pereira Dos"]
[Black "Dias, Ricardo Pedro Cruz"]
[Result "0-1"]
[WhiteElo "1613"]
[BlackElo "2123"]
[PlyCount "126"]
[EventDate "2017.01.15"]
[EventType "tourn"]
[EventRounds "9"]
[EventCountry "POR"]
[SourceTitle "CBM 176 Extra"]
[Source "ChessBase"]
[SourceDate "2017.03.02"]
[SourceVersion "1"]
[SourceVersionDate "2017.03.02"]
[SourceQuality "1"]

1. d4 d5 2. c4 c6 3. Nf3 Nf6 4. Nc3 e6 5. e3 Nbd7 6. Bd3 dxc4 7. Bxc4 b5 8. Bd3 a6 9. e4 c5 10. e5 cxd4 11. Nxb5 axb5 12. exf6 gxf6 13. Nxd4 Qb6 14. Be3 Bb4+ 15. Ke2 Bc5 16. Bxb5 e5 17. Bxd7+ Bxd7 18. Nc2 Bxe3 19. Nxe3 Qxb2+ 20. Qc2 Bb5+ 21. Kf3 Qxc2 22. Nxc2 Bc6+ 23. Ke3 Bxg2 24. Rhg1 Bd5 25. a4 Ra5 26. Rgb1 Ke7 27. Rb6 Rha8 28. Nb4 f5 29. f3 Rc8 30. Nxd5+ Rxd5 31. Ra3 Rd4 32. Rb2 f4+ 33. Kf2 Ra8 34. a5 Ra6 35. Rb5 Ke6 36. Rab3 Rd2+ 37. Ke1 Rd5 38. Rb6+ Rd6 39. R6b5 Rac6 40. Ra3 Rc1+ 41. Ke2 Rc2+ 42. Ke1 Rdd2 43. Rb6+ Kd5 44. Rh6 Rg2 45. Kf1 Rcf2+ 46. Ke1 Rb2 47. Kf1 Rgc2 48. Ra1 Rxh2 49. Rxh2 Rxh2 50. Kg1 Rb2 51. a6 Rb8 52. a7 Ra8 53. Ra6 f5 54. Kh2 e4 55. Kg2 e3 56. Kf1 h5 57. Ra5+ Ke6 58. Ra6+ Ke5 59. Ra5+ Kf6 60. Ra6+ Kg5 61. Ra2 Kh4 62. Rh2+ Kg3 63. Rxh5 Rxa7 0-1

[Event "Figueira da Foz op 10th"]
[Site "Figueira da Foz"]
[Date "2016.11.02"]
[Round "5"]
[White "Pipiras, Filipa Fortuna"]
[Black "Santos, Isabel Pereira Dos"]
[Result "0-1"]
[WhiteElo "1541"]
[BlackElo "1618"]
[PlyCount "130"]
[EventDate "2016.10.30"]
[EventType "swiss"]
[EventRounds "9"]
[EventCountry "POR"]
[SourceTitle "CBM 175 Extra"]
[Source "ChessBase"]
[SourceDate "2016.12.12"]
[SourceVersion "1"]
[SourceVersionDate "2016.12.12"]
[SourceQuality "1"]

1. d4 d5 2. c4 dxc4 3. e3 e5 4. Bxc4 exd4 5. exd4 Nf6 6. Nc3 c5 7. d5 a6 8. a4 Bd6 9. Nge2 0-0 10. 0-0 Bg4 11. h3 Bh5 12. Qc2 Bg6 13. Qb3 Qc7 14. Be3 Nbd7 15. f4 Rfe8 16. Bd2 Ne4 17. Nxe4 Bxe4 18. Nc3 h6 19. Nxe4 Rxe4 20. Bd3 c4 21. Bxc4 Qxc4 22. Qxb7 Qc8 23. Qb3 Rb8 24. Qd3 Qc4 25. Qf3 Rxb2 26. Bc1 Rb3 27. Qd1 Rd3 28. Qg4 Nf6 29. Qh4 Rxd5 30. Bb2 Bxf4 31. Kh1 Be5 32. Qf2 Bxb2 33. Qxb2 Re2 34. Qb8+ Kh7 35. Rg1 Rdd2 36. Qb7 Qe4 37. Qxe4+ Nxe4 38. Kh2 h5 39. Raf1 Kg6 40. Rb1 h4 41. Rb6+ Rd6 42. Rb4 Kh5 43. Rb7 Rf6 44. Rd7 Ng3 45. Rd4 Ref2 46. Rd5+ g5 47. Rd3 Rf1 48. Rd1 Rxd1 49. Rxd1 Rf1 50. Rxf1 Nxf1+ 51. Kg1 Nd2 52. Kf2 f5 53. Ke3 Nb3 54. Kf3 Kg6 55. Ke3 Kf6 56. Kf3 Ke5 57. Ke3 g4 58. hxg4 fxg4 59. Kf2 Kf4 60. Kg1 Ke3 61. Kh2 Kf2 62. Kh1 g3 63. a5 h3 64. gxh3 g2+ 65. Kh2 g1Q# 0-1

[Event "Figueira da Foz op 10th"]
[Site "Figueira da Foz"]
[Date "2016.11.01"]
[Round "4"]
[White "Santos, Isabel Pereira Dos"]
[Black "Redondo Arguelles, Graciela"]
[Result "0-1"]
[WhiteElo "1618"]
[BlackElo "2029"]
[PlyCount "76"]
[EventDate "2016.10.30"]
[EventType "swiss"]
[EventRounds "9"]
[EventCountry "POR"]
[SourceTitle "CBM 175 Extra"]
[Source "ChessBase"]
[SourceDate "2016.12.12"]
[SourceVersion "1"]
[SourceVersionDate "2016.12.12"]
[SourceQuality "1"]

1. d4 Nf6 2. Nf3 d6 3. c4 Nbd7 4. Nc3 e5 5. e4 c6 6. Be2 Be7 7. 0-0 0-0 8. Re1 Qc7 9. Bf1 a6 10. a4 a5 11. Be3 Ng4 12. Bc1 exd4 13. Nxd4 Nc5 14. h3 Ne5 15. Be3 Bf6 16. Nb3 Na6 17. c5 Nxc5 18. Nxc5 dxc5 19. Bxc5 Rd8 20. Qc2 b6 21. Be3 Be6 22. f4 Nc4 23. Bxc4 Bxc4 24. e5 Be7 25. Qf2 Rab8 26. Rac1 Bb4 27. Red1 Bb3 28. Rxd8+ Qxd8 29. Ne4 Bxa4 30. Qg3 Be7 31. f5 g6 32. f6 Bf8 33. Qh4 Bb3 34. Rf1 Rb7 35. Ng5 h6 36. Ne4 Kh7 37. Ng5+ Kg8 38. Ne6 Bxe6 0-1